|
|
|
|
| LEADER |
01068nam a22002657a 4500 |
| 001 |
41035 |
| 003 |
BD-DhAAL |
| 008 |
230329t2023 bg ||||| |||| 00| 0 eng d |
| 020 |
|
|
|a 9789845064033
|
| 040 |
|
|
|a BD-DhAAL
|c BD-DhAAL
|
| 082 |
|
|
|a 297.092
|2 23
|
| 100 |
|
|
|a Chowdhury, Mohammad Tufael
|9 53934
|
| 245 |
|
|
|a Border crossings :
|b my journey as a western Muslim /
|c Mohammad Tufael Chowdhury.
|
| 260 |
|
|
|b Dhaka :
|a University Press Limited,
|c 2023.
|
| 300 |
|
|
|a xii, 345 pages ;
|c 22 cm.
|
| 526 |
|
|
|a AAL
|
| 541 |
|
|
|a University Press Limited
|e 41035
|
| 650 |
|
|
|a Muslims
|z Great Britain
|v Biography.
|9 53958
|
| 650 |
|
|
|a Muslims
|x Travel
|z Western countries.
|v
|9 53959
|
| 650 |
|
|
|a Muslims
|x Western countries
|z Social conditions.
|9 53960
|
| 650 |
|
|
|a Islam.
|
| 852 |
|
|
|a Ayesha Abed Library
|c General Stacks
|
| 942 |
|
|
|2 ddc
|c BK
|
| 999 |
|
|
|c 45628
|d 45628
|
| 952 |
|
|
|0 0
|1 0
|2 ddc
|4 0
|6 297_092000000000000_CHO
|7 0
|9 73457
|a BRACUL
|b BRACUL
|c GEN
|d 2023-03-23
|e University Press Limited
|g 600.00
|l 2
|m 6
|o 297.092 CHO
|p 3010041035
|q 2026-04-09
|r 2026-01-31
|s 2026-01-31
|t 1
|v 800.00
|w 2023-03-23
|y BK
|